Najgorętsze państwa - Statystyki

Ogólne statystyki
  • Ten quiz został rozwiązany 7 561 razy
  • Średni wynik to 9 z 20
Statystyki odpowiedzi
° C Kontynent Państwo % Poprawnych
28,0 Afryka Niger
82%
28,0 Afryka Sudan
73%
29,2 Afryka Mali
62%
28,8 Afryka Senegal
57%
28,2 Afryka Sudan Południowy
57%
28,8 Afryka Mauretania
54%
28,1 Azja Katar
51%
28,2 Azja Zjednoczone Emiraty Arabskie
51%
27,8 Oceania Nauru
44%
28,0 Oceania Palau
44%
28,5 Oceania Tuvalu
43%
28,7 Afryka Gambia
42%
28,5 Oceania Kiribati
41%
29,4 Afryka Burkina Faso
39%
28,1 Oceania Wyspy Marshalla
39%
27,9 Afryka Gwinea Bissau
35%
28,2 Afryka Benin
32%
28,8 Afryka Dżibuti
29%
28,2 Azja Malediwy
28%
27,9 Azja Brunei
17%
Nie znaleziono quizów pasujących do podanych kryteriów
Rozkład punktacji
Procent ludzi z każdym wynikiem
Percentyl według liczby udzielonych odpowiedzi
Twoja historia wyników
Nie rozwiązałeś tego quizu